Bienvenue à la Médiathèque de Saint-Andiol
banniere
Accueil Recherche avancée Mon compte
handi1 Rechercher dans le catalogue

Filtre   Mots-clés
  Recherche avancée
 
Lister les dernières nouveautés
 
Lister les livres GROS CARACTERES
 
Lister les périodiques (magazines)

handi1 Gretchen

<< Retourner aux résultats de la recherche
Book Cover
Auteur principal : Arthur de Pins
Titre : Gretchen
Support : Livres
Langue : Francais
Publié : DL 2010 Dupuis Paris
Series : Zombillénium
Genre : Bande Dessinée (enfants)
Collection : Zombillénium
Sujets :
Étiquettes :
Pas de tags
LEADER 00946nam0a2200229 450
001 16855591
010 |a 978-2-8001-4721-5  |b rel.  |d 14,5 € 
100 |a 20211214d2026 u u0frey01 ba 
101 0 |a fre 
102 |a BE 
200 0 |a Gretchen  |f Arthur de Pins 
205 |a [Ed. spéciale pour la sortie du film] 
207 1 |a   
210 |a Paris  |b 57, bd de La Villette  |c Dupuis  |d DL 2010 
215 |a 1 vol. (non paginé [56] p.)  |c ill. en coul.  |d 32 cm 
225 1 |a Zombillénium  |v 1 
330 |a Transformé en vampire à son insu, Aurélien est aussitôt embauché (en CDI...) au sein du parc d'attraction Zombillenium. Mise en bouche d'une série horrifique truffée d'humour et graphiquement somptueuse !. 
461 0 |t Zombillénium  |v 1 
700 0 |a Pins  |b Arthur de  |f 1977-....  |4 70 
900 |a Bande Dessinée (enfants) 
901 |a Jeunesse 
995 |a Médiathèque  |c Médiathèque  |f 089018466  |h 089018466  |k BD ZOM 1  |o p  |q j  |r az  |e Médiathèque